000 00213 a2200109 4500
020 _a0-8136-6725-9
041 _aspa
100 _aWalker, Colin
245 _alas plantas son Valiosas
942 _cBK
952 _74
999 _c23379
_d23379